SATELLITE COMMUNICATIONS (Record no. 2242)
[ view plain ]
| 000 -LEADER | |
|---|---|
| fixed length control field | 00351nam a2200145Ia 4500 |
| 008 - FIXED-LENGTH DATA ELEMENTS--GENERAL INFORMATION | |
| fixed length control field | 240624s9999 xx 000 0 und d |
| 041 ## - LANGUAGE CODE | |
| Language code of text/sound track or separate title | eng |
| 082 ## - DEWEY DECIMAL CLASSIFICATION NUMBER | |
| Classification number | 621.3825 PRA |
| 100 ## - MAIN ENTRY--PERSONAL NAME | |
| Personal name | PRATT TIMOTHY |
| 245 ## - TITLE STATEMENT | |
| Title | SATELLITE COMMUNICATIONS |
| 250 ## - EDITION STATEMENT | |
| Edition statement | (2nd ed.) |
| 260 ## - PUBLICATION, DISTRIBUTION, ETC. | |
| Date of publication, distribution, etc. | 2004 |
| Place of publication, distribution, etc. | Singapore |
| Name of publisher, distributor, etc. | John Wiley |
| 300 ## - PHYSICAL DESCRIPTION | |
| Extent | xix, : 536 : cm. ; 24 |
| 365 ## - TRADE PRICE | |
| Currency code | |
| Withdrawn status | Lost status | Damaged status | Not for loan | Home library | Current library | Shelving location | Date acquired | Source of acquisition | Cost, normal purchase price | Full call number | Barcode | Date last seen | Copy number | Price effective from | Koha item type |
|---|---|---|---|---|---|---|---|---|---|---|---|---|---|---|---|
| IMTN | IMTN | Rack 19-B | 03/27/2005 | AP | 5.95 | 621.3825 PRA | 2242 | 06/24/2024 | 1 | 06/24/2024 | Books |